000 00484nmm a2200145Ia 4500
008 251105s9999||||xx |||||||||||||||||und||
041 _aspa
100 _aCurto Díaz, Josep
245 0 _aIntroducción al business intelligence (nueva edición revisada y ampliada)
264 _a[Madrid, España] :
_bUniversitat Oberta de Catalunya,
_c2017
300 _a316 páginas
650 _aEconomics and Business
856 _uhttps://public.digitaliapublishing.com/a/47370
942 _cCF
999 _c106532
_d106532